Cosmografía (Record no. 157600)

MARC details
000 -LEADER
campo de control de longitud fija 00711nam a22002055i 4500
001 - NÚMERO DE CONTROL
campo de control 157600
003 - IDENTIFICADOR DE NÚMERO DE CONTROL
campo de control ES-MaACL
005 - FECHA Y HORA DE LA ÚLTIMA TRANSACCIÓN
campo de control 20230906210736.0
008 - DATOS DE LONGITUD FIJA--INFORMACIÓN GENERAL
campo de control de longitud fija 040902s1895 it af |||| | ita d
040 ## - FUENTE DE CATALOGACIÓN
Centro catalogador/agencia de origen CAM
Lengua de catalogación spa
Centro/agencia transcriptor CAM
100 1# - ENTRADA PRINCIPAL--NOMBRE DE PERSONA
Nombre de persona Leta, Biaggio M. la
Títulos y otros términos asociados al nombre (S.I.)
9 (RLIN) 128908
245 10 - MENCIÓN DEL TÍTULO
Título Cosmografía
Resto del título : uno sguardo all'universo /
Mención de responsabilidad, etc. del P. Biaggio M. la Leta, S.I.; con 11 incisioni e 3 tavole fuori testo.
260 ## - PUBLICACIÓN, DISTRIBUCIÓN, ETC.
Lugar de publicación, distribución, etc. Milano :
Nombre del editor, distribuidor, etc. Ulrico Hoepli,
Fecha de publicación, distribución, etc. 1895 (
Fabricante Tip. Lombardi)
300 ## - DESCRIPCIÓN FÍSICA
Extensión XV, 197 p., [3] h. de lám. dobles ;
Dimensiones 16 cm.
490 1# - MENCIÓN DE SERIE
Mención de serie Manuali Hoepli
752 ## - ENTRADA AGREGADA--NOMBRE JERÁRQUICO DEL LUGAR
País o entidad superior Italia -
Ciudad Milá\p\sn
830 0# - PUNTO DE ACCESO ADICIONAL DE SERIE-TÍTULO UNIFORME
Título uniforme Manuali Hoepli
9 (RLIN) 180782
852 ## - LOCALIZACIÓN
Ubicación ES-MaACL
Número de control de estantería D-3612
Nota libre -- Enc. tela
Holdings
Estatus retirado Estado de pérdida Estado de daño No para préstamo Colección Biblioteca de origen Biblioteca actual Ubicación en estantería Fecha de adquisición Fuente de adquisición Total de préstamos Signatura topográfica completa Código de barras Visto por última vez Precio de reemplazo Tipo de ítem Koha
        Libros del s. XIX Biblioteca del Ateneo de Madrid Biblioteca del Ateneo de Madrid Sala Valle Inclán 17/01/2008     D-3612 901164923 23/02/2023 23/02/2023 Libro impreso antiguo